Normal view
MARC view
Entry Meeting Name
001 - CONTROL NUMBER
- control field: 5948
003 - CONTROL NUMBER IDENTIFIER
- control field: OSt
005 - DATE AND TIME OF LATEST TRANSACTION
- control field: 20211105132724.0
008 - FIXED-LENGTH DATA ELEMENTS
- fixed length control field: 211105|| aca||aabn | a|a d
040 ## - CATALOGING SOURCE
- Original cataloging agency: OSt
- Transcribing agency: OSt
111 ## - HEADING--MEETING NAME
- Meeting name or jurisdiction name as entry element: Trieste colloquium on Astrophysics
- Number of part/section/meeting: 2nd
- Location of meeting: Italy
- Date of meeting or treaty signing: 1968 Sept. 12-17
670 ## - SOURCE DATA FOUND
- Source citation: Work cat.: (OSt): Trieste colloquium on Astrophysics 2nd Italy 1968 Sept. 12-17, Mass loss from stars, 1969